00627nam a2200229 a 4500001001300000003000900013005001700022008004100039020001000080082001300090100001800103245002400121260004800145300000900193500003500202505001000237650002700247902000800274942000700282952009300289999001500382nice12345678IN_TiNIC20260116011949.0050524s1945 lona grp 000 0 eng  ac10000a233bBUB aBuber, Martin aBetween Man and Man aLondonbKegna Paul Trench and Companyc1945 a210p aincludes index and biblioraphy2 aIndex aMan-Christian Theology bSRS cBK 00104070aHMIbHMId2007-06-19g100.00l0o233 BUBp6496r2007-06-19w2026-01-16yARB c5086d5086